| Tag |
First Indicator |
Second Indicator |
Subfields |
| LEADER |
00000cam a2200000Ia 4500 |
| 001 |
in00004064310 |
| 005 |
20211120102404.0 |
| 006 |
m o d f |
| 007 |
cr cn||||||||| |
| 008 |
070416s2006 mdua ob f000 0 eng d |
| 024 |
8 |
|
|a GOVPUB-C13-752d1bed8ba5e339a5dbbbe7614cc375
|
| 035 |
|
|
|a (OCoLC)ocn123128229
|
| 040 |
|
|
|a NBS
|b eng
|c NBS
|d OCLCQ
|d OCLCO
|d OCLCQ
|d OCLCF
|d MvI
|d UtOrBLW
|
| 049 |
|
|
|a WWW
|
| 074 |
|
|
|a 0247-D (online)
|
| 086 |
0 |
|
|a C 13.58:7234
|
| 245 |
0 |
0 |
|a Implementation of simulation program for modeling the effective resistivity of nanometer scale film and line interconnects /
|c A. Emre Yarimbiyik [and others].
|
| 264 |
|
1 |
|a [Gaithersburg, MD] :
|b U.S. Dept. of Commerce, National Institute of Standards and Technology,
|c [2006]
|
| 300 |
|
|
|a 1 online resource (21 unnumbered page) :
|b illustrations.
|
| 336 |
|
|
|a text
|b txt
|2 rdacontent
|
| 337 |
|
|
|a computer
|b c
|2 rdamedia
|
| 338 |
|
|
|a online resource
|b cr
|2 rdacarrier
|
| 490 |
1 |
|
|a NISTIR ;
|v 7234
|
| 500 |
|
|
|a "February 2006."
|
| 500 |
|
|
|a Contributed record: Metadata reviewed, not verified. Some fields updated by batch processes.
|
| 500 |
|
|
|a Title from page [1], viewed March 7, 2007.
|
| 504 |
|
|
|a Includes bibliographical references.
|
| 500 |
|
|
|a Electronic resource.
|
| 650 |
|
0 |
|a Nanoelectromechanical systems.
|0 http://id.loc.gov/authorities/subjects/sh2006008121
|
| 650 |
|
0 |
|a Thin films
|x Size effects
|x Computer simulation.
|
| 650 |
|
7 |
|a Nanoelectromechanical systems.
|2 fast
|0 (OCoLC)fst01741807
|
| 700 |
1 |
|
|a Allen, Ricky.
|0 http://id.loc.gov/authorities/names/n94020678
|
| 700 |
1 |
|
|a Blackburn, David L.
|0 http://id.loc.gov/authorities/names/n77005427
|
| 700 |
1 |
|
|a Schafft, Harry A.
|0 http://id.loc.gov/authorities/names/n80007899
|
| 700 |
1 |
|
|a Yarimbiyik, A. Emre.
|
| 700 |
1 |
|
|a Zaghloul, Mona E.
|
| 710 |
2 |
|
|a National Institute of Standards and Technology (U.S.).
|b Semiconductor Electronics Division.
|0 http://id.loc.gov/authorities/names/no90015380
|
| 830 |
|
0 |
|a NISTIR ;
|v 7234.
|0 http://id.loc.gov/authorities/names/n88507971
|
| 856 |
4 |
0 |
|u https://purl.fdlp.gov/GPO/gpo99378
|t 0
|
| 999 |
f |
f |
|s 443edb9b-c362-3a24-98ed-561b67aa1684
|i 94308626-2619-330a-a153-209e5d7456f9
|t 0
|
| 952 |
f |
f |
|a Texas A&M University
|b College Station
|c Electronic Resources
|d Available Online
|t 0
|e C 13.58:7234
|h Superintendent of Documents classification
|
| 998 |
f |
f |
|a C 13.58:7234
|t 0
|l Available Online
|